000 00735nam a22002177a 4500
003 UA-OsUOA
001 60908
007 ta
008 20090610b un ||||| |||| 00| 0 ukr d
100 _aМаксимова П.А.
090 _a101
_bМ17
942 _cSA
040 _aUA-OsUOA
_brus
_cUA-OsUOA
_dUA-OsUOA
245 _aПарадоксы христианского милосердия в философии Ф. Ницше и творчестве Л. Бунюэля
300 _aС.39-60
955 _a0
041 _arus
080 _a101
773 0 _w60905
_tВестник Московского университета. Серия 7. Философия
_dМ.
_d2008
_g6
650 7 _a1 Філософські науки
_2UDC
999 _c347034
_d347034